[Event "San Antonio de Obligado op"]
[Site "San Antonio de Obligado"]
[Date "2022.10.10"]
[Round "5"]
[White "Leites Dos Santos, Miqueas"]
[Black "Silva, Lorenzo Alfonzo"]
[Result "0-1"]
[WhiteElo "1154"]
[BlackElo "1282"]
[PlyCount "52"]
[EventDate "2022.10.08"]
[EventType "swiss"]
[EventRounds "6"]
[EventCountry "ARG"]
[SourceTitle "CBM 210 Extra"]
[Source "ChessBase"]
[SourceDate "2022.11.30"]
[SourceVersion "1"]
[SourceVersionDate "2022.11.30"]
[SourceQuality "1"]

1. d4 d5 2. c4 e6 3. Nf3 Nf6 4. Nc3 Nc6 5. Bf4 a6 6. e3 h6 7. Be2 Bb4 8. 0-0 Bxc3 9. bxc3 Ne4 10. Qc2 Bd7 11. cxd5 exd5 12. c4 Be6 13. Rab1 Rb8 14. Ne5 0-0 15. Bf3 Nf6 16. Nxc6 bxc6 17. Rxb8 Qxb8 18. Rb1 Qc8 19. Qa4 dxc4 20. Bxc6 Nd5 21. Bb7 Qd8 22. Qxa6 Nxf4 23. exf4 Qxd4 24. g3 c3 25. Qe2 Qd2 26. Qf1 c2 0-1